000 00295nam a22001337a 4500
008 170905b xxu||||| |||| 00| 0 eng d
020 _a14096366
041 _aeng
080 _a616
100 _a08
101 _aPED
245 _aTAKIMI PROFESIONAL MJEKESOR 2011
_cMURATI,F
942 _2udc
_cBK
999 _c26106
_d26106